000 00588cam a2200229ua 4500
001 8273
008 150127n ii |||gr||||Z||||||asm
020 _a9789382283287
040 _cMAIN
041 _aasm
082 _a891.4514
100 _aNeog, Bibha Dutta,
_eEditor.
245 _aAsomiya gadyachayan
_ced by Bibha Dutta Neog
250 _a2nd.
260 _aDibrugarh:
_bKaustubh,
_c2013.
300 _a319p.
653 _aEast Indo-European & Celtic literatures
653 _aAssamese literature
653 _aAssamese text
700 _aDutta, Rita,
_eEditor.
942 _cBK
999 _c7388
_d7388